000 00474nam a2200181Ia 4500
001 7802
005 20260306160522.0
008 260306t2004||||xx |||||||||||||| ||spa||
041 _aESP
082 _a362.29
_bM42
100 _aMendoza F., Alfonso
_eAUT
245 0 _aGuía metodológica para la intervención preventiva con familias texto impreso
260 _c2004
300 _a119 páginas :
_c21 cm.
650 _aGEN
654 _aCPS
942 _cLIB
_dJUS
_fJUS
_2ddc
_n
999 _c7802
_d7802